Statistics for Guess the Taylor Swift song no hints #57

Click here to take the quiz!

General Stats

  • This quiz has been taken 30 times
  • The average score is 186 of 304

Answer Stats

Answer% Correct
a
100%
the
97%
when
97%
you
97%
you)
97%
you"
97%
You
97%
"I
93%
I
93%
(I
93%
"I
93%
in
93%
In
93%
love
93%
me
93%
that
93%
to
93%
To
93%
(To
93%
(to
93%
Where
93%
and
90%
And
90%
My
90%
my
90%
your
90%
be
86%
is
86%
too
86%
I'm
83%
of
83%
there
83%
we're
83%
by
79%
Just
79%
just
79%
know)
79%
like
79%
They
79%
are
76%
But
76%
I'll
76%
want
76%
would
76%
every
72%
up
72%
back
66%
from
66%
Oh
66%
out
66%
their
66%
come
62%
heart
62%
nights
62%
see
62%
eyes
59%
everything
55%
wanna
55%
close
52%
There's
52%
home
48%
christmas
45%
Christmas
45%
dreams
45%
farm
45%
feeling
45%
tree
45%
yeah
45%
blue
41%
light
41%
people
41%
they're
41%
under
41%
Under
41%
being
38%
fire
38%
isn't
38%
tonight
38%
alone
34%
Baby
34%
baby
34%
lights
34%
mistletoe
34%
remind
34%
shopping
34%
static
34%
taken
34%
telling
34%
Watching
34%
wish
34%
arms
31%
comes
31%
dance
31%
glow
31%
holiday
31%
magic
31%
merry
31%
Merry
31%
snow
31%
sparkling
31%
Sweet
31%
Takes
31%
true
31%
winter
31%
cider
28%
coats
28%
flow
28%
forgiven
28%
holly
28%
icy
28%
pretend
28%
Stress
28%
traffic
28%
We'd
28%
world
28%
barn
24%
Bundled
24%
cold
24%
dreaming
24%
else
24%
fair
24%
little
24%
Mistakes
24%
mittens
24%
ribbon
24%
somewhere
24%
wake
24%
blanket
21%
kids
21%
run
21%
warm
21%
(darling)
17%
inside
17%
safe
17%
sleighs
17%
town
14%

Score Distribution

Percentile by Number Answered

Percent of People with Each Score

Your Score History

You have not taken this quiz